LEADER 00995nam a2200241 i 4500 001 000000182531 003 CaOOAMICUS 005 20091026000000.0 008 091026s1966 it u000 u ita u 013 $a160487 040 $aSeMil$bita 100 1 $aLenzini Moriondo, Margherita.$0(OLS)http://semarc/name/66400 245 10$aSignorelli /$cMargherita Lenzini Moriondo. 260 $aFirenze :$bSadea Sansoni,$ccopyr. 1966. 300 $a38 p., [78] p. di tav. ;$c18 cm. 490 0 $aI diamanti dell'arte : biblioteca di pittura, scultura e architettura ;$v17 600 14$aSignorelli, Luca .$0(OLS)http://semarc/subject/19131 830 2$aI diamanti dell'arte ;$v17.$0(OLS)http://semarc/title/15551 850 $aSeMil 852 $aSeMil$W1$xVenegono$y1$m5P I 52$j133235$B133235$CSeMilBibl$Z2$F145009 $81 961 $aOmaggio: Altro 996 $6245$aSignorelli$9(OLS)http://semarc/title/261885 996 $6260$aFirenze :$bSadea Sansoni$9(OLS)http://semarc/publisher/33238 LEADER 01053nam a2200277 i 4500 001 000000119222 003 CaOOAMICUS 005 20031021000000.0 008 031021s1984 it u000 u ita u 013 $a91915 040 $aSeMil$bita 100 1 $aBreton, Stanislas .$0(OLS)http://semarc/name/16213 240 13$aLe Verbe et la Croix.$0(OLS)http://semarc/title/175191 245 13$aIl Verbo e la Croce /$cStanislas Breton. 260 $aPescara :$bStauròs,$cstampa 1984. 300 $a179 p. ;$c20 cm. 490 0 $aVerbum Crucis ;$v3 500 $aFondo Card. C.M. Martini. 650 4$aGesù Cristo - Croce.$0(OLS)http://semarc/subject/5017 830 0$aVerbum Crucis ;$v3.$0(OLS)http://semarc/title/10814 850 $aSeMil 852 $aSeMil$W1$xVenegono$y1$m2D II 39$j74455$B74455$CSeMilBibl$Z2$F88643 $81 941 1 $a4 961 $aOmaggio: Martini Card. Carlo Maria 996 $6245$aIl Verbo e la Croce$9(OLS)http://semarc/title/175190 996 $6260$aPescara :$bStauròs$9(OLS)http://semarc/publisher/30294